[Event "Aerosvit 2007"]
[Site "Foros RUS"]
[Date "2007.06.21"]
[Round "4"]
[White "GM Dominguez Perez, Lenier(CUB)"]
[Black "GM Karjakin, Sergey(UKR)"]
[Result "1/2-1/2"]
[WhiteElo "2678"]
[BlackElo "2686"]
[Annotator "Ëåáåäåâ Âàñèëèé"]
[PlyCount "35"]
[EventDate "2007.??.??"]

{Îïÿòü ñîáñòâåííûõ õîäîâ áûëî ñîâñåì ìàëî... Íó, çíà÷èò, òåì áîëüøå ïðèìåðíûõ
ïàðòèé ìîæíî áóäåò ïðåäúÿâèòü.} 1. e4 c5 2. Nf3 d6 3. d4 cxd4 4. Nxd4 Nf6 5.
Nc3 a6 6. Be3 e5 7. Nb3 Be6 8. f3 (8. Qd2 Be7 9. O-O-O O-O 10. f3 b5 11. Nd5
Bxd5 12. exd5 Nbd7 13. Na5 Qc7 14. Nc6 Bd8 15. Bd3 Nb6 16. Bxb6 Qxb6 17. Bf5 a5
18. h4 b4 19. h5 b3 20. cxb3 a4 {
(1/2 Gawel,L - Wilminski,L (2030)/Krynica 2001).}) 8... Nbd7 9. Qd2 b5 {
Ãîòîâÿ ïîñðåäñòâîì Nb6 äîñòîéíóþ âñòðå÷ó ëþáîìó áåëîìó âûäâèæåíöó íà d5.}
10. O-O-O ({Íà} 10. a4 {äîñòàòî÷íóþ êîíòðèãðó äà¸ò ÷¸ðíûì ïëàí Êàñïàðîâà} b4
11. Nd5 Bxd5 12. exd5 Nb6 13. Bxb6 Qxb6 14. a5 Qb7 15. Bc4 g6 16. Ra4 Rb8 17.
Nc1 (17. Qd3 Ra8 18. Qd2 Rb8 19. Qd3 Ra8 {
1/2 Shirov,A (2751) - Kasparov,G (2851)/Frankfurt 2000}) 17... h5 18. Nd3 Bh6
19. Qe2 O-O 20. Nxb4 Qd7 21. Nc6 Rxb2 22. O-O h4 23. Bb3 h3 24. g3 e4 25. fxe4
Qg4 26. Qd3 Qg5 27. e5 dxe5 28. Rh4 e4 29. Qd4 Ng4 30. Rxh6 Nxh6 31. Qxb2 Qe3+
32. Rf2 Qe1+ 33. Rf1 Qe3+ {
(1/2 Shirov,A (2736)-Kasparov,G (2831)/Linares 2004).}) 10... Be7 ({
Ñïèñîê ïîáåä áåëûõ ïîñëå} 10... Nb6 11. Qf2 Nc4 12. Bxc4 bxc4 13. Na5 $1 {
âíóøàåò óæàñ. Ñàìûå ãðîìêèå:} Qd7 (13... Rc8 14. Bb6 Qd7 15. g3 g6 16. Rd2 Bh6
17. f4 Ng4 18. Qf3 Rb8 19. h3 Nf6 20. Bc5 exf4 21. gxf4 Rc8 22. Bxd6 Qd8 23.
Bb4 Qb6 24. a3 Nh5 25. Kb1 Bxf4 26. Nd5 Bxd5 27. Rxd5 Bb8 28. Rhd1 c3 29. Rd7 {
1-0 Anand,V (2788)-Kasimdzhanov,R (2670)/San Luis 2005}) 14. Rd2 Be7 15. Rhd1
Rb8 16. Bc5 Qc7 17. Rxd6 Qxa5 18. Rxe6 fxe6 19. Bxe7 Rb7 20. Bd6 Nd7 21. Qh4
Qd8 22. Qh5+ g6 23. Qh6 Qf6 24. Ne2 Kf7 25. h4 g5 26. hxg5 Qxh6 27. gxh6 Rg8
28. g4 Rg6 29. Rh1 Rb6 30. Ba3 Rf6 31. Rh3 Kg6 32. Kd2 Rf7 33. Ke3 Nf6 34. Nc3
Rd7 35. Rh1 Rc6 36. Na4 Rb7 37. Nc3 Rb8 38. Nd1 Ng8 39. Rh5 Nxh6 40. Rxe5 Nf7
41. Rh5 Rb5 42. Rh1 e5 43. Nc3 Rb7 44. Nd5 Re6 45. Bb4 Kg7 46. Rh2 Ng5 47. Bc3
Kg8 48. Rf2 Rf7 49. Rf1 Re8 50. Ke2 Ref8 51. Bxe5 Nxe4 52. Ke3 Nc5 53. f4 Re8
54. Kd4 Nd7 55. Re1 Re6 56. Re2 Nxe5 57. fxe5 Rg7 58. Nf6+ Kf7 59. Kxc4 Rg5 60.
Kd4 Rb6 61. c4 Ke6 62. b3 Rb8 63. Re4 h6 64. Nd5 Rbg8 65. Nf4+ Ke7 66. e6 {
(1-0 Anand,V (2792)-Gelfand,B (2723)/Wijk aan Zee 2006)}) ({
Â ýòîì ãîäó êóáèíñêèé øàõìàòèñò óæå äîáèâàëñÿ ïîáåäû â ýòîì âàðèàíòå ïîñëå} 
10... Rc8 {Ñîïåðíèê, ïðàâäà, áûë ñëàáîâàò:} 11. g4 Nb6 12. g5 Nh5 13. Na5 Qc7
14. Kb1 Be7 15. Nd5 Nxd5 16. exd5 Bd7 17. c4 O-O 18. cxb5 axb5 19. Bd3 Qb8 20.
Rc1 Qa8 21. a3 Nf4 22. Bxf4 exf4 23. h4 Rc5 24. Be4 f5 25. Bc2 Kh8 26. Bb3 Bd8
27. Nc6 Bxc6 28. dxc6 Qxc6 29. Qxf4 Bb6 30. h5 Rc8 31. Rce1 Re8 32. h6 gxh6 33.
g6 {(1-0 Dominguez Perez,L (2678)-Farley,T (2284)/Santo Domingo DOM 2007).})
11. Nd5 Bxd5 12. exd5 Nb6 {È ñ äâóìÿ ñëîíàìè ïðèä¸òñÿ ðàññòàòüñÿ.} 13. Bxb6
Qxb6 14. Na5 O-O ({Â ñàìîé ïåðâîé ïàðòèè, îòêóäà åñòü ïîø¸ë ýòîò âàðèàíò,
ñîáûòèÿ ðàçâîðà÷èâàëèñü ñëåäóþùèì îáðàçîì:} 14... Rc8 15. Nc6 Nxd5 16. Nxe7
Nxe7 17. Qxd6 Qxd6 18. Rxd6 Nc6 19. c3 Ke7 20. Rd2 Rhd8 21. Rxd8 Rxd8 {
È ó ÷¸ðíûõ ïîçèöèÿ äàæå ïîïðèÿòíåå! Íî, â êîíöå êîíöîâ, âñ¸ çàêîí÷èëîñü ìèðîì.
} 22. Be2 f5 23. a4 bxa4 24. Bxa6 Na5 25. Bb5 Nb3+ 26. Kb1 Nc5 27. Kc2 Rb8 28.
Bc4 Rd8 29. Rd1 Rxd1 30. Kxd1 Kd6 31. Kd2 g5 32. Bg8 h6 33. Bh7 Ke6 34. Bg8+
Kd6 35. Bf7 Ke7 36. Bg6 Kf6 37. Be8 Ke7 38. Bb5 Kd6 39. Bc4 e4 40. fxe4 Nxe4+ {
(1/2 Mecking,H (2570)-Evans,L (2545)/San Antonio 1972).}) 15. Nc6 Bd8 ({
Êàê ÍÅ ÍÀÄÎ èãðàòü ÷¸ðíûìè, õîðîøî áûëî ïîêàçàíî â ñëåäóþùåé ïàðòèè:} 15...
Rfe8 16. Kb1 Rac8 17. c4 bxc4 18. Bxc4 Rc7 19. Rhe1 Ra8 20. f4 e4 21. h3 a5 22.
g4 Bf8 23. g5 Nd7 24. Rxe4 Nc5 25. Qd4 Rb7 26. Re2 a4 27. a3 Rc8 28. Rde1 {
(1-0 Vazquez Igarza,R (2393) - Quezada,Y (2474)/Havana 2001).}) 16. Bd3 a5 17.
Kb1 $146 {È òîëüêî ýòî íîâèíêà, ïîòîìó ÷òî} ({ïîñëå} 17. Bf5 {
ïîëó÷àëàñü ïîçèöèÿ èç ïàðòèè Gawel,L - Wilminski,L (2030)/Krynica 2001.})
17... b4 (17... Nxd5 $2 18. Bxh7+ {
+ - ñêðîìíàÿ ëåïòà êîììåíòàòîðà â ýòó ñêóêîòèùó.}) 18. Rhe1 {
Êòî òóò ïðåäëîæèë íè÷üþ, à êòî ñîãëàñèëñÿ, â ïðèíöèïå, íåâàæíî. Çàáóäüòå...}
1/2-1/2

[Event "Aerosvit 2007"]
[Site "Foros"]
[Date "2007.06.21"]
[Round "4"]
[White "GM Van Wely, Loek(NED)"]
[Black "GM Jakovenko, Dmitry(RUS)"]
[Result "1-0"]
[WhiteElo "2674"]
[BlackElo "2708"]
[Annotator "Ëåáåäåâ Âàñèëèé"]
[PlyCount "55"]
[EventDate "2007.??.??"]

1. d4 Nf6 2. c4 e6 3. Nf3 b6 {Â íàøå âðåìÿ ãëàâíûì ïîñòàâùèêîì êðàñèâûõ ïàðòèé
ñòàíîâèòñÿ, ïîõîæå, íîâîèíäèéñêàÿ çàùèòà.  Âîò è òåïåðü... Íî íå áóäåì
çàáåãàòü âïåð¸ä.} 4. g3 Ba6 5. b3 Bb4+ 6. Bd2 Be7 7. Nc3 c6 8. e4 d5 9. Qe2 $5
{Î÷åíü äàëåêî â ñòîðîíó îò ãëàâíîé ñòîëáîâîé äîðîãè, íà êîòîðîé øåäåâðîâ òîæå
áûëî ñîòâîðåíî íåìàëî.} ({Îäèí èç íèõ (ñïåöèàëüíî äëÿ Ýäâàðäñà ;)) ÿ ïîêàæó:} 
9. Qc2 dxe4 10. Nxe4 Bb7 11. Neg5 c5 12. d5 exd5 13. cxd5 h6 14. Nxf7 Kxf7 15.
O-O-O Bd6 16. Nh4 Bc8 17. Re1 Na6 18. Re6 Nb4 19. Bxb4 cxb4 20. Bc4 b5 21. Bxb5
Be7 22. Ng6 Nxd5 23. Rxe7+ Nxe7 24. Bc4+ Kf6 25. Nxh8 Qd4 26. Rd1 Qa1+ 27. Kd2
Qd4+ 28. Ke1 Qe5+ 29. Qe2 Qxe2+ 30. Kxe2 Nf5 31. Nf7 a5 32. g4 Nh4 33. h3 Ra7
34. Rd6+ Ke7 35. Rb6 Rc7 36. Ne5 Ng2 37. Ng6+ Kd8 38. Kf1 Bb7 39. Rxb7 Rxb7 40.
Kxg2 Rd7 41. Nf8 Rd2 42. Ne6+ Ke7 43. Nxg7 Rxa2 44. Nf5+ Kf6 45. Nxh6 Rc2 46.
Bf7 Rc3 47. f4 a4 48. bxa4 b3 49. g5+ Kg7 50. f5 b2 51. f6+ Kh7 52. Nf5 {
(1-0 Topalov,V (2778) - Anand,V (2785)/Sofia 2005). Ôàíòàñòè÷åñêàÿ ïàðòèÿ!})
9... dxe4 10. Nxe4 Bb7 {Ìîæåò áûòü, íåòî÷íîñòü!} ({Áîðèñ Ãåëüôàíä
âñòðåòèâøèñü ñ íåîáû÷íûì, ðåäêèì (ïîñëåäíèé ðàç òàê èãðàëè 24 ãîäà íàçàä!)
9-ì õîäîì áåëûõ, ñóìåë îòáèòüñÿ ïîñëå} 10... c5 11. dxc5 Bb7 12. Nd6+ Bxd6 13.
cxd6 Qxd6 14. Bg2 O-O 15. O-O Nbd7 16. Rfd1 Qc5 17. Bf4 Rfe8 18. Bd6 Qc8 19.
Rac1 e5 20. b4 e4 21. Nd4 Ne5 22. c5 Nf3+ 23. Kh1 bxc5 24. bxc5 Nxd4 25. Rxd4
Bc6 26. Kg1 Qf5 27. h3 h5 28. Qe3 Nd5 29. Qb3 Rac8 30. Re1 Nf6 31. Qe3 Re6 32.
Qf4 Qg6 33. h4 Rce8 34. Qg5 Qxg5 35. hxg5 Ng4 36. Bf4 Ne5 37. Red1 Nf3+ 38.
Bxf3 exf3 39. Be3 Kh7 40. Rd6 Kg6 41. R1d3 R8e7 42. Ra3 Kf5 43. Ra6 Bb5 44.
Rd5+ Re5 45. Rad6 Rxd5 46. Rxd5+ Kg6 47. Rd4 Rd7 48. Rxd7 {
(1/2 Van Wely,L (2683) - Gelfand,B (2733)/Monte Carlo MNC 2007).}) 11. Neg5 $3
$146 {Ðåàëüíàÿ ñóïåðíîâèíêà!} ({
Ðàíüøå (çà ìèëëèîí ëåò äî êîìïüþòåðîâ) èãðàëè òîëüêî} 11. Bg2 c5 12. Nfg5 Nxe4
13. Nxe4 Nc6 14. dxc5 bxc5 (14... f5 $2 15. Bc3 fxe4 16. Rd1 Qc8 17. Bxg7 Kf7
18. Bxh8 Qxh8 19. Bxe4 Rd8 20. O-O bxc5 21. Rxd8 Bxd8 22. Qh5+ Kg7 23. Bxc6
Bxc6 24. Qe5+ {1-0 Dydyshko,V (2460) - Kruszynski,W (2435)/Polanica Zdroj 1983}
) 15. O-O O-O 16. Rad1 Nd4 17. Qh5 Qb6 18. Be3 Rad8 19. Rd2 f5 20. Ng5 h6 21.
Nf3 Bf6 22. Rfd1 e5 23. Bxd4 cxd4 24. c5 Qa6 25. Nh4 Bxg2 26. Kxg2 Bxh4 27.
Qxh4 Qc6+ 28. Kg1 Qxc5 29. Qh5 e4 30. Qh4 d3 31. Qf4 g5 32. Qe3 Qxe3 33. fxe3
f4 34. gxf4 gxf4 35. Kf2 Rde8 36. Re1 Kh7 37. exf4 Rxf4+ 38. Ke3 Rh4 39. Rg2
Rh3+ 40. Kd2 Rc8 41. Kd1 e3 42. Rg3 Rxg3 43. hxg3 Re8 {
(0-1 Sinkovics,P (2415) - Farago,I (2520)/Hungary 1986).}) 11... O-O {
À òåïåðü íà÷èíàåì êîïàòü. Åñëè ðîêèðîâêà ïëîõà èç-çà æåðòâû,} ({
òî äàâàéòå ïîãîíèì êîíÿ:} 11... h6 {íî, êîíå÷íî, îí íèêóäà íå îòñòóïèò -} 12.
Nxf7 $1 Kxf7 13. Bh3 Bc8 (13... Qd7 $4 14. Ne5+) (13... Qc8 $2 14. Ne5+ Ke8 15.
Ng6) 14. Ne5+ Kg8 (14... Ke8 15. Qd3) {è ó áåëûõ åñòü âðåìÿ äàæå ñûãðàòü} 15.
O-O $1 {ñî ñòðàøåííîé àòàêîé.}) 12. Bh3 h6 $2 {
Îøèáêà? Îøèáêà! Ðåøàþùàÿ? Âïîëíå ìîæåò áûòü....} ({Íåîáõîäèìî áûëî èãðàòü} 
12... c5 $1 {, ðåàëèçóÿ «ñòðàòåãè÷åñêóþ» èäåþ ñâîåãî 10-ãî õîäà. Íó-ñ,
áåëûå (ÈÌÕÎ) îáÿçàíû ÷òî-òî æåðòâîâàòü. Ïîýòîìó} {
Íó-ñ, áåëûå (ÈÌÕÎ) îáÿçàíû ÷òî-òî æåðòâîâàòü. Ïîýòîìó} 13. Bxe6 fxe6 14. Qxe6+
Kh8 15. Ne5 Qc8 $1 ({ïîñëå} 15... Bxh1 $4 16. Ngf7+) 16. Qxe7 ({
òîëüêî âå÷íûé øàõ ïîëó÷àåòñÿ ïîñëå} 16. Ngf7+ Rxf7 17. Nxf7+ Kg8 18. Nh6+)
16... Nc6 $1 17. Nxc6 Qxc6 18. d5 ({ê ïåðåñòàíîâêå õîäîâ âåä¸ò} 18. O-O-O Rae8
19. d5) 18... Nxd5 $1 19. cxd5 Qxd5 20. O-O-O Rae8 21. Qc7 Rc8 22. Qe7 Rce8 {
ñ ïîâòîðåíèåì õîäîâ - íå çàáûâàåì, ÷òî ÷¸ðíûå áåç ôèãóðû!}) ({
Äðóãîé è, âèäèìî, ïðàâèëüíûé ïóòü (ïîñëå} 12... c5 {) -} {ýòî} 13. Nxf7 $1 Rxf7
(13... Bxf3 14. Qxf3 Qxd4 15. Rc1 $1 $16) 14. Bxe6 cxd4 15. Ng5 ({
ìàëî ÷òî ñóëèò áåëûì} 15. Bxf7+ Kxf7 16. Ng5+ Ke8 $1 17. O-O d3 18. Qe3 (18.
Qe6 h6 $1 19. Qf7+ Kd7 20. Ne6 Qg8) 18... Qd6 19. Rfe1 Nbd7 20. Rad1 Ng4 $132)
15... Bxh1 {è ïîñëå} 16. Nxf7 ({òðåáóåò äåòàëüíîãî àíàëèçà è} 16. Bxf7+ $5 Kh8
17. Be6 Qc7 18. f3 {è ò.ä.}) 16... Qc7 {ó ìåíÿ ïîëó÷èëñÿ ñëåäóþùèé,
ñîñòîÿùèé èç íàèëó÷øèõ õîäîâ îáåèõ ñòîðîí, íî äîâîëüíî äèêèé âàðèàíò:} 17. f3
d3 $1 18. Qxd3 Kf8 $1 19. O-O-O Na6 20. Qf5 Nc5 (20... Qc5 21. Ng5 Qxf5 22.
Bxf5 Bg2 {è îõîòà íà ñëîíîïîòàìà çàâåðøàåòñÿ ïîñëå} 23. Rg1 $16) 21. Ng5 g6 22.
Qh3 h5 (22... Nh5 23. Bd5 Qe5 24. Kc2 $3 Bxg5 25. Bxg5 Re8 26. Bh6+ Ng7 27. Bd2
$1) 23. Bf4 Qc6 24. Rxh1 Nd3+ 25. Kb1 Nf2 26. Qf1 Nxh1 27. Qxh1 {Íó, è òóò ìîæíî
ãîâîðèòü î áîëüøîì ïðåèìóùåñòâå áåëûõ. Íî ïóòü ê íåìó áûë âåñüìà èçâèëèñò. È
ÿ ñîâñåì íå óâåðåí, ÷òî âñ¸ òàì áûëî òàê óæ è ïðàâèëüíî.}) 13. Nxe6 $1 fxe6
14. Bxe6+ Kh8 15. Ne5 $1 Qxd4 16. O-O (16. Rd1 $5) 16... Bd6 17. Ng6+ Kh7 18.
Bf5 $5 ({Î÷åíü íåïëîõî áûëî è} 18. Nxf8+ Bxf8 19. Rad1 {ñî ñëåäóþùèìè èäåÿìè}
Qc5 (19... Na6 20. Bb4 $1) 20. Bc3 Kh8 (20... Qe7 21. Rfe1 Kh8 22. Qd3 $18) 21.
Rfe1 Na6 22. Bxf6 gxf6 23. Qe4 {è Rd7.}) 18... Re8 19. Be3 Qc3 20. Rad1 Ba3 ({
Èëè} 20... Bc5 21. Ne7+ Kh8 22. Bxc5 bxc5 23. Qe6 $18) ({À åñëè} 20... Qb4 {
, òî áåëûå óïðî÷èâàëè ñâî¸ ëèäåðñòâî â áîðüáå çà ïðèç «Ëó÷øàÿ àòàêà» ïóò¸ì}
21. Qc2 $1 {(ñàìîå òî÷íîå)} Na6 22. a3 $1 Qxa3 23. Ra1 Nb4 24. Qb1 {
, è íàäî îòäàâàòü ôåðçÿ.}) 21. Qf3 $2 {Åñëè áû Ëþêà çäåñü îñåíèëî, òî
ñïåöïðèç «Çà ëó÷øóþ àòàêó Ôîðîñà» íàâåðíÿêà îáð¸ë áû ñâîåãî âëàäåëüöà
äîñðî÷íî.} ({Èçÿùíîå ðåøåíèå ïîçèöèè ïðåäëàãàåò Rybka} 21. Ne7+ $1 Kh8 22. Bd4
Qa5 (22... Rxe7 23. Bxf6 $1 $18) (22... Qxd4 23. Ng6+ Kg8 24. Be6+ Kh7 25. Rxd4
) 23. Bxf6 Qxf5 24. Rd8 $3 Rxd8 ({ïîñëå} 24... Na6 25. Nxf5 {
áåëîãî ôåðçÿ íå÷åì áèòü!}) ({ëåãêî ïîíÿòåí è âïîëíå ñèìïàòè÷åí âàðèàíò} 24...
Qxf6 25. Rxe8+ Kh7 26. Qd3+ g6 27. Nxg6 ({ìîæíî è} 27. Rh8+ $1 Kg7 28. Rg8+ Kf7
29. Rxg6) 27... Qxg6 28. Rh8+ $1) 25. Bxg7+ $1 Kxg7 26. Nxf5+ {è âñ¸!}) 21...
Bc8 $4 {Ýòî áûë ÿâíî íå äåíü Áåêõ... òî åñòü Äìèòðèÿ ßêîâåíêî... Íî õîä ýòî
ëåãêî ïîíÿòåí - ñòðàøíî èãðàòü ïîä ïîñòîÿííîé óãðîçîé «âñêðûøêè».} ({
Åñëè óéòè îò áóäóùèõ âñêðûòûõ óæàñîâ êîðîë¸ì} 21... Kg8 {
, òî íå âûèãðûâàåò ãðîìîïîäîáíîå} 22. Rd8 $6 Rxd8 23. Be6+ Kh7 24. Qf5 {èç-çà}
Qd3 {è ïðèõîäèòñÿ îáúÿâëÿòü âå÷íûé øàõ:} 25. Nf8+ Kh8 26. Ng6+) ({Íî (ïîñëå} 
21... Kg8 {) ïîñëå òèõîãî} 22. Qf4 $1 {ó÷àñòü, ïîõîæå, ÷¸ðíûõ ðåøåíà - ôåðçü
ïðîòèâíèêà ïðîíèêàåò íà ñ7 è èì íå óñòîÿòü} c5 23. Rd3 Qa5 (23... Qb2) 24. Qc7
Bc6 (24... Qa6 25. Bxh6 $1) (24... Bf3 25. Bxh6 $1) (24... Be4 25. Ne7+) 25.
Ne7+ Kh8 26. Nxc6 Nxc6 27. Qxc6 {
- ó áåëûõ à) ëèøíÿÿ ïåøêà, á) ïîäàâëÿþùàÿ ïîçèöèÿ è â) ñòðàøíàÿ àòàêà.}) ({
Îäíàêî} 21... Na6 $1 {áûëî ÿâíî óïîðíåå - òåïåðü ïîëå ñ7 ïîä ÷¸ðíûì êîíòðîëåì.
È òåïåðü î÷åíü õî÷åòñÿ íàéòè âûèãðûø çà áåëûõ, íî íå î÷åíü-òî ïîëó÷àåòñÿ. 
Â îáùåì, ïîñëå îøèáêè áåëûõ íà 21-ì õîäó áîðüáà ìîãëà âñïûõíóòü ñ íîâîé ñèëîé.}
) 22. Bxc8 Rxc8 23. Qf5 {À òåïåðü «âñêðûøêó» ãîòîâèòñÿ îáúÿâèòü óæå íå íå
ñëîí, à ãîðàçäî áîëåå ñèëüíàÿ ôèãóðà.} Re8 24. Bd4 Qa5 25. c5 $1 {
«Îòðåçàÿ ïåõîòó ïðîòèâíèêà îò òàíêîâ», - êàê ãîâàðèâàë Àëåêñàíäð Òîëóø.} Kg8
({«Óïîðíåå»} 25... Bb2 $5 26. Nh4+ Kh8 ({íî íå} 26... Kg8 $4 27. Qg6) 27.
Bxb2 Qxc5 28. Bxf6 Qxf5 29. Nxf5 gxf6 30. Rd6 {
(Rybka), íî ýòî, êîíå÷íî æå, áåçíàä¸æíîå äëÿ ÷¸ðíûõ ïîëîæåíèå.}) {
Ñàìûé êðàñèâûé (ñ æåðòâîé!) ïóòü ê ïîáåäå.} 26. Ne7+ $1 Rxe7 {
Èíà÷å áåëûì áóäåò ìàò.} ({Íàïðèìåð, òàêîé:} 26... Kf7 27. Bxf6 Rxe7 28. Ba1+
$1 Ke8 29. Qg6+ Kf8 30. Rd8+ Re8 31. Qxg7#) 27. Bxf6 Rd7 (27... gxf6 28. Qg6+
Kf8 29. Rd8+) ({À ñîïðîòèâëÿòüñÿ ïîñëå} 27... Nd7 28. Bxe7 Nxc5 29. Rfe1 {
- ñåáÿ íå óâàæàòü.}) 28. Qg6 1-0

[Event "Aerosvit 2007"]
[Site "Foros"]
[Date "2007.06.21"]
[Round "4"]
[White "GM Eljanov, Pavel(UKR)"]
[Black "GM Sasikiran, Krishnan(IND)"]
[Result "1/2-1/2"]
[WhiteElo "2686"]
[BlackElo "2690"]
[Annotator "Ëåáåäåâ Âàñèëèé"]
[PlyCount "113"]
[EventDate "2007.??.??"]

1. d4 Nf6 2. c4 g6 3. Nc3 d5 4. cxd5 Nxd5 5. e4 Nxc3 6. bxc3 Bg7 7. Bc4 {
Õîä 7-é ñäåëàí. Êëàññè÷åñêîå ðàçâåòâëåíèå.} ({È ÿ ñ ñîæàëåíèåì îòêëàäûâàþ â
ñòîðîíó ïîñëåäíèé õèò - êíèãó Ãàððè Êàñïàðîâà «Äåáþòíàÿ ðåâîëþöèÿ 70-õ».
Ýõ, íå óäàñòñÿ ìíå ïîäîáíî êàê êàäåòó Áèãëåðó âûáðîñèòü íà âåòåð ñâåäåíèÿ î
âàðèàíòå} 7. Nf3 {, ïî÷åðïíóòûå èç íå¸. ;)}) 7... c5 8. Ne2 O-O 9. O-O Nc6 10.
Be3 Qc7 11. Qc1 {Îäíàêî!} ({Â 20 (!) ðàç ÷àùå âñòðå÷àåòñÿ} 11. Rc1) 11...
Bd7 12. Bd3 Rfc8 $146 {
Òåîðèÿ äàííîãî âàðèàíò çàêîí÷èëàñü. Íà÷èíàåòñÿ ÷èñòîå òâîð÷åñòâî.} 13. Rb1
a6 14. f4 {Ïîäòàëêèâàÿ ñîïåðíèêà ê ðàçìåíó ôåðçåé, êîòîðûé â äàííîì êîíêðåòíîì
ñëó÷àå âîçìîæåí.} cxd4 15. cxd4 Na5 16. Qxc7 Rxc7 17. Rfc1 Rxc1+ ({
Áîðüáà çà ëèíèþ} 17... Rac8 {íè ê ÷åìó õîðîøåìó íå âåëà:} 18. Rxc7 Rxc7 19.
Bd2 $1 Nc6 20. Rc1 Rc8 21. d5 Na7 22. Kf2 $14 {, êàê ìèíèìóì}) 18. Rxc1 e6 {
Ïîñëå ýòîãî õîäà ó áåëûõ îáðàçóåòñÿ ëàäüÿ-«ïðîëàçà».} ({
Ïîñìîòðèì, ìîæíî ëè áûëî ýòîìó âîñïðåïÿòñòâîâàòü:} 18... Bb5 $1 19. Bxb5 axb5 {
è åñëè} 20. Rc7 $6 {, òî} Nc4 21. Kf2 Bf8 $1 22. Rxb7 ({ñëàáî} 22. Nc3 Ra3 23.
Nxb5 Rxa2+ 24. Kf3 Nxe3 25. Kxe3 Rxg2 $15) 22... Nd6 $1 23. Rc7 Nxe4+ 24. Kf3
Nf6 25. Rb7 b4 $1 26. Rxb4 e5 $1 27. Rb6 (27. Rb2 e4+ 28. Kg3 Ra3 29. Rb3 Rxa2
$17) 27... e4+ 28. Kg3 (28. Kf2 Ng4+) 28... Nd5 29. Rb3 Bb4 $1 {
È êòî áû îòêàçàëñÿ ïîèãðàòü ýòó ïîçèöèþ ÷¸ðíûìè?}) ({Çíà÷èò, ïîñëå} 18...
Bb5 {íàäî áûòü ñêðîìíûì è ñäåðæàííûì -} 19. Bxb5 axb5 20. Rc2 Nc4 21. Kf2 e6 {
- âåñüìà ïîõîæå íà ðàâåíñòâî.}) 19. Rc7 Bb5 20. Bxb5 ({Òî÷íåå áûëî} 20. Nc1 $1
$14 {, íà âðåìÿ ïåðåâîäÿ êîíÿ íà ïàññèâíóþ ñòîÿíêó.}) 20... axb5 21. Kf2 ({
È ïîïûòêà îáðàçîâàíèÿ ïðîõîäíîé} 21. d5 {
âåëà ê ðàâåíñòâó. Ïðàâäà, ïðîõîäíóþ âïîëíå ìîãëè ñîçäàòü ÷¸ðíûå:} exd5 22.
exd5 Nc4 23. Bc5 b6 24. Be7 Bf8 $1 {È òåïåðü ïðàâèëüíî} 25. Nd4 ({åñëè} 25.
Bxf8 {, òî} Kxf8 26. Nc3 Nd6 27. Rc6 b4 $1 {
. È âîò ÷òî ìîæåò ñëó÷èòüñÿ â ïàðòèè, íàïðèìåð, äâóõ ïåðâîðàçðÿäíèêîâ:} 28.
Rxd6 $6 bxc3 29. Rc6 Ra3 $1 30. Rxb6 $4 c2 31. Rc6 Rxa2 32. Kf2 c1=Q+) 25...
Bxe7 26. Rxe7 Rd8 27. Nxb5 Rxd5 28. Nc3 Rd3 29. Nb5 Rd2 30. Re4 $11) 21... Bf8
22. d5 {Åñëè íå äåëàòü òàêîé õîä, òî ëó÷øå âîîáùå â øàõìàòû íå èãðàòü.} exd5
23. exd5 Nc4 24. Bd4 ({âñ¸ áûñòðî çàêàí÷èâàëîñü ïîñëå} 24. Rxb7 Nxe3 25. Kxe3
Bc5+ $1 26. Kd3 Ra3+ 27. Kc2 Rxa2+ 28. Kd3 Ra3+ 29. Kd2 $11 {, è, ïî-ãàìáóðãñêîìó
ñ÷¸òó, ýòî, êàæåòñÿ, áûëî ñàìûì ïðàâèëüíûì. Íî áåëûå ïðîäîëæàþò èãðó.})
24... Nd6 $6 ({Îïàñíî âûãëÿäåëî, íî âîâñå íå ÿâëÿëîñü òàêîâûì} 24... Rxa2 $6 {
Ïðàâäà, äëÿ òîãî, ÷òîáû ýòî ïîíÿòü, òðåáîâàëîñü îáíàðóæèòü (è èçäàëåêà!)
õèòðóþ òàêòèêó. À èìåííî:} 25. Rxb7 b4 26. Rb8 {Áåëûå ãðîçÿò âûèãðàòü ñëîíà.}
Ra5 ({õóæå} 26... Nd6 27. Be5 Ne4+ 28. Ke3 f5 (28... f6 $2 29. Nd4 $1 $18) 29.
g4 $1 {, è ó ÷¸ðíûõ íà÷èíàþòñÿ íåïðèÿòíîñòè}) 27. Bf6 {
Îïÿòü ñ òîé æå óãðîçîé. Íî...} Nb6 $3 (27... Ra7 $4 28. Nd4 $1 $18) 28. Be7 (
28. Rxb6 $2 Bc5+ 29. Bd4 Bxb6 30. Bxb6 Rxd5 {
- óæ ïðîèãðûâàòü òóò ÷¸ðíûå íèêàê íå îáÿçàíû.}) 28... Ra8 $3 29. Rxb6 Bxe7 30.
d6 Bf8 {- ñòîðîíû «îáìåíèâàþòñÿ íå ãëÿäÿ» ïðîõîäíûìè è ïîëó÷àåòñÿ áèòàÿ
íè÷üÿ. Âèäèòå, êàê âñ¸ ïðîñòî - Nb6!! è Ra8!! è è ìîæíî ïîäïèñûâàòü áëàíêè.})
({Íî ïî÷åìó æå ÷¸ðíûå íå ñûãðàëè} 24... b6 $1 {
, ãîòîâÿñü âûèãðàòü ïåøêó íà à2, ÷åìó íå ïðåïÿòñòâóåò} 25. a4 $5 ({èëè} 25.
Nc1 Rd8) ({èëè} 25. Rc6 Rxa2 {è íåò} 26. Bxb6 $4 {èç-çà} Nxb6 27. Rxb6 Bc5+)
25... Nd6 $1 ({íî íå} 25... Rxa4 26. Nc3 Ra5 27. Nxb5 $1 {
ñ ïîëíûì óðàâíåíèåì øàíñîâ}) 26. axb5 ({èëè} 26. Bxb6 bxa4 27. Rc2 a3 28. Ra2
Rb8 29. Bd4 Rb3 $17) 26... Nxb5 27. Rc4 (27. Rb7 $4 Nxd4 28. Nxd4 Bc5 29. Ke3
Ra4 $19) 27... Nxd4 28. Nxd4 Ra5 $17 {- ëèøíÿÿ ïðîõîäíàÿ ïåøêà, ïîääåðæàííàÿ
ñëîíîì, îïðåäåëÿåò âåñîìîå ïðåèìóùåñòâî ÷¸ðíûõ}) 25. Nc1 $6 (25. Rc2 $142 $5 {
Õîòÿ è ïàññèâíî ýòî áûëî.}) 25... b4 ({
Ìîæíî áûëî, êàê ìíå êàæåòñÿ, ïîñòàâèòü ïåðåä áåëûìè îïðåäåë¸ííûå ïðîáëåìû õîäîì
} 25... Ra4 $1 26. Be5 ({èëè} 26. Be3 Rc4 27. Rxc4 bxc4 $15) 26... f6 $1 27.
Bxd6 (27. Bxf6 $4 Rxf4+) 27... Bxd6 28. Rxb7 Rxf4+ 29. Ke2 Rc4 30. Nb3 Bxh2 31.
Rxb5 {È òåïåðü} Be5 $5 ({èëè} 31... h5 $5) ({íî íå} 31... Rc2+ 32. Kf3 Rxa2 33.
g3 $1 Bg1 34. Rb8+ Kf7 (34... Kg7 35. Rb7+ Kh6 $2 36. d6) 35. Rb7+)) 26. Be5 $6
{Åù¸ íåòî÷íîñòü.} ({Ïîñëå} 26. Rd7 $1 {áåëûå ëåãêî óäåðæèâàëè ðàâíîâåñèå:} Rc8
27. Be5 (27. Ne2 $5) 27... Rc2+ (27... Rxc1 28. Bxd6) 28. Ne2 Ne4+ 29. Ke3 f5
30. Rxb7 Rxa2 31. Rb8 Kf7 $11 32. Rb7+ Kg8 $11) 26... f6 $1 27. Bb2 ({
Ïîñëå «íåâåðîÿòíîãî»} 27. Bxf6 $4 {
÷¸ðíûå ðàñïîëàãàëè äàæå äâóìÿ âèäàìè âûèãðûøíîé âèëêè -} Ne4+ ({èëè} 27... Ne8
)) 27... Ra5 {Âîò ïðîõîäíàÿ è ïàäàåò.} 28. Ke2 Rxd5 {
Ïóñòü ñäâîåííàÿ, ëèøü áû ëèøíÿÿ!} 29. Nb3 (29. Bxf6 $4 Ne8) 29... b5 $6 {
Îòâåòíàÿ íåâûíóæäåííàÿ îøèáêà - Êðèøíàí ðåøàåò, ÷òî èãðàòü ñ ëèøíåé ïåøêîé
«ñòûäíî».} ({
×¸ðíûå ñîõðàíÿëè è äàæå «ïîä÷åðêèâàëè» âñå ñâîè ïëþñû  õîäîì} 29... Rf5 $1
{ñ èäååé g5. Íàïðèìåð:} 30. Kf3 g5 31. Bc1 gxf4 32. Bd2 Nf7 $1 33. Rxb7 Ne5+
34. Ke2 f3+ 35. gxf3 Rxf3 36. Bxb4 Bxb4 37. Rxb4 Rh3 {
ñ îñòðîé áîðüáîé, êîòîðàÿ, ñêîðåå âñåãî, äîëæíà çàêîí÷èòüñÿ íè÷üåé.}) 30. Rd7
$5 ({Ïåøêó f6 ìîæíî áûëî ñïîêîéíî êóøàòü:} 30. Bxf6 $1 Ne8 31. Rc6 Nxf6 32.
Rxf6 Bd6 (32... Bg7 33. Rc6 $14) 33. g3 {è, ñòàáèëèçîâàâ ïîëîæåíèå, ìîæíî
ñïîêîéíî ïîäóìàòü î òîì, êàê «ïîìî÷ü» èçáàâèòüñÿ ÷¸ðíûì îò óêðàøåíèÿ,
ðàçìåñòèâøåãîñÿ íà ïîëÿõ b5 è b4.}) 30... Rh5 {Íó çà÷åì, ñêàæèòå íà ìèëîñòü,
çàãîíÿòü ñâîþ ñèëüíåéøóþ ôèãóðó çà êóäûêèíû ãîðû?} ({
Ïðåçàáàâíåéøåå ïîëîæåíèå ïîëó÷àëîñü ïðè} 30... Rf5 $5 31. Kf3 g5 32. g3 (32.
Bc1 $5 gxf4 33. Nd4 Rc5 34. Bxf4 Rc3+) 32... gxf4 33. g4 $1 (33. gxf4 Nc4)
33... Rd5 34. Bd4 $1 h5 35. h3 hxg4+ 36. hxg4 {
è, ÷òîáû ïîääåðæèâàòü ýòó êîíñòðóêöèþ, òðåáóþòñÿ óñèëèÿ îáåèõ ñòîðîí.} Bh6
37. Bc5 Bf8 38. Bd4 ({èëè} 38. Bxb4 Rd3+ 39. Kxf4 Bh6+ 40. g5 fxg5+ 41. Kg4 Bf8
$11) 38... Bh6 {, è ëîãè÷íåå âñåãî ñîãëàñèòüñÿ íà íè÷üþ.}) 31. h3 Ne4 32.
Kd3 Nc3 33. Bxc3 bxc3 34. Kxc3 Rh4 35. Rd4 f5 {
Ïîäõîäû ê ñâîåé ëàäüÿ ÷¸ðíûå ïåðåêðûëè êàïèòàëüíî.} 36. Kd3 Bg7 37. Rd8+ Kf7
38. Rd7+ Kf6 39. Nc5 $6 {À ýòî - íàâåðíÿêà öåéòíîò.} ({Ïðàâèëüíî} 39. Nd4 {
ñ èäååé ïåðåéòè â ïåøå÷íûé ýíäøïèëü áåç ïåøêè:} Rxf4 ({åñëè} 39... Bf8 {, òî}
40. Ke3 {«Ñìîòðèòå äåòè - ýòî ëàäüÿ,å¸ äðàçíèòü íå ñëåäóåò», ïîêàçûâàÿ íà
êëåòêó, ãîâîðèë áû áåëûå êîðîëü ñâîèì ïåøêàì-äåòèøêàì.}) (39... Bh6 $2 40. Rxh7
) 40. Rxg7 $1 Rxd4+ 41. Kxd4 Kxg7 {, ÷òîáû âûèãðàòü åãî -} 42. Kc5 $18) 39...
Bf8 $1 (39... Rxf4 $2 40. Rxg7 $1) 40. Rc7 Bxc5 41. Rc6+ $1 {
Òåõíè÷íî îòáðàñûâàÿ êîðîëÿ ïðîòèâíèêà íà øàã íàçàä.} Kg7 42. Rxc5 Rxf4 {
«Äàëüíåéøåãî îñîáîãî èíòåðåñà íå ïðåäñòàâëÿåò», - íàïèñàë ÿ âíà÷àëå. Îäíàêî
÷åðåç ïàðó õîäîâ âûÿñíèëàñü ïèêàíòíåéøàÿ ïîäðîáíîñòü.} 43. Rxb5 Rf2 44. g4 Kf6
45. gxf5 gxf5 46. Ke3 Rxa2 47. Kf4 {Âîò òàê èðîíèÿ ñóäüáû. Ñðàâíèòå ýòîò
«ëàäåéíèê» è òîò, ÷òî âîçíèê â ïàðòèè ßêîâåíêî - Ñàøèêèðàí èç âòîðîãî òóðà,
ïðåäâàðèòåëüíî ìûñëåííî ïîìåíÿâ öâåò ôèãóð...} Ra4+ 48. Kg3 Kg5 49. h4+ $3 {
Âëàäèìèð Ýëüÿíîâ, èçâåñòíûé øàõìàòíûé èçäàòåëü èç Õàðüêîâà, ãîâîðèë, ÷òî åãî
ñûí ïðîøòóäèðîâàë âñå êíèãè Äâîðåöêîãî, åù¸ íà ñòàäèè â¸ðñòêè. Ðåçóëüòàò
íàëèöî! Ïàâåë àáñîëþòíî äîáðîâîëüíî ãîòîâ ïåðåéòè â íè÷åéíûé ëàäåéíûé ýíäøïèëü
«áåç äâóõ»!} Kg6 (49... Rxh4 50. Rxf5+! $11) 
50. Rb6+ Kg7 51. Rb7+ Kg6 52. Rb6+ Kh5 53. Rf6 Rg4+ ({
Ñëåäóþùèé âàðèàíò ñîîáùèòå, ïîæàëóéñòà, Âàñèêó Ðàéëèõó. Ïóñòü â íîâûõ âåðñèÿõ
Rybka íå ïëàâàåò â ïîäîáíûõ ïîçèöèÿõ êâåðõó áðþøêîì, ñ÷èòàÿ, ÷òî ïîñëå} 53...
f4+ 54. Rxf4 Rxf4 55. Kxf4 Kxh4 {áåëûå âûèãðûâàþò! Âàùå!}) 54. Kf3 Kxh4 55.
Rxf5 h5 56. Kf2 Rg8 57. Ra5 1/2-1/2